Music Quiz

Random Music or Puzzle Quiz

Lyrics for Every Letter: Mystery Album #22 Quiz Stats

 Plays Quiz not verified by Sporcle

Score 0/83 Timer 10:00
3 Plays Today
Song Lyrics % Correct
Mystery Song #1[none]
100%
Mystery Song #1[none]
99.9%
Mystery Song #1[none]
99.9%
Mystery Song #1[none]
99.9%
Mystery Song #1[none]
99.9%
Mystery Song #1[none]
99.9%
Mystery Song #1[none]
99.9%
Mystery Song #2[none]
99.9%
Mystery Song #2[none]
99.9%
Mystery Song #2[none]
99.9%
Mystery Song #2[none]
99.9%
Mystery Song #2[none]
99.9%
Mystery Song #2[none]
99.9%
Mystery Song #2[none]
99.9%
Mystery Song #3[none]
99.9%
Mystery Song #3[none]
99.9%
Mystery Song #3[none]
99.9%
Mystery Song #3[none]
99.9%
Mystery Song #3[none]
99.9%
Mystery Song #3[none]
99.9%
Mystery Song #3[none]
99.9%
Mystery Song #3[none]
99.9%
Mystery Song #3[none]
99.9%
Mystery Song #3[none]
99.9%
Mystery Song #1a, about, all, and, any, at
96%
Mystery Song #1back, bad, be, before, believe, better
89.2%
Mystery Song #3I, if, in, into
88.5%
Mystery Song #1I, if, in, is, it, it'll, it's
88.4%
Song Lyrics % Correct
Mystery Song #2I, I'd, if, isn't, it
88.4%
Mystery Song #2take, tell, that, the, thing, to, turned
87.5%
Mystery Song #1takes, than, that, the, things, think, thinking, times, to, tomorrow, true
87.2%
Mystery Song #3the, to, together
86.7%
Mystery Song #3you, your
84.5%
Mystery Song #1yesterday's, you, you'll, your, you've
84.2%
Mystery Song #2you, your
84.2%
Mystery Song #2day, do
82.4%
Mystery Song #1day, different, do, done, don't
82.2%
Mystery Song #2maybe, me, my
80.7%
Mystery Song #2call, can, change, could
78.8%
Mystery Song #3lies, light, listen, love
77.1%
Mystery Song #3me
76.9%
Mystery Song #1wake, want, was, way, what, while, why, will
76.4%
Mystery Song #3can, chain, chains, comes
74.3%
Mystery Song #2waiting, wanna, way, when, why, won't, world
70%
Mystery Song #3again, and
65.8%
Mystery Song #1not, never
65.4%
Mystery Song #2ever, everything, everything's
64.7%
Mystery Song #3never, night, now
61.5%
Mystery Song #2all, another, around
60.9%
Mystery Song #2feel, for, from
60.7%
Mystery Song #1just
56.7%
Mystery Song #1see, smile, soon, stop
54.4%
Mystery Song #3damn, dark, don't, down
54%
Mystery Song #1up
53.8%
Mystery Song #2up, up's
52.6%
Mystery Song #1gone
52%
Song Lyrics % Correct
Mystery Song #3us
52%
Mystery Song #3watch, will, wind, would
50.9%
Mystery Song #1life, little, look
46.4%
Mystery Song #1come
45%
Mystery Song #2how
44%
Mystery Song #1know
39.6%
Mystery Song #3saying, shadows, silence, still, sun
39.3%
Mystery Song #3hear
38.3%
Mystery Song #3keep
38.1%
Mystery Song #3rise, run, running
37.8%
Mystery Song #1harm, here
37.6%
Mystery Song #1open
36.7%
Mystery Song #2open, own
36.1%
Mystery Song #2give, go
35.9%
Mystery Song #3blow, break
32.5%
Mystery Song #2right
31.6%
Mystery Song #2baby
30.5%
Mystery AlbumFleetwood Mac
27.2%
Mystery Song #1eyes
27.2%
Mystery Song #2lonely, loving
25.9%
Mystery AlbumThe Chain
25.8%
Mystery AlbumRumours
25.2%
Mystery Song #1meant
24.1%
Mystery AlbumDon't Stop
23%
Mystery Song #2shacking
20.1%
Mystery Song #2packing
20.1%
Mystery AlbumGo Your Own Way
20%

You're not logged in!

Compare scores with friends on all Sporcle quizzes.
OR
Log In

Show Comments

Extras

Top Quizzes Today


Score Distribution

Your Account Isn't Verified!

In order to create a playlist on Sporcle, you need to verify the email address you used during registration. Go to your Sporcle Settings to finish the process.

Report this User

Report this user for behavior that violates our Community Guidelines.

Details: